01776nab a2200409 i 450000100060000000300080000600500170001400600190003100700150005000800410006502200140010603500210012004000310014105000260017208000070019808200200020510000340022524501050025926400740036430000450043831000200048333600310050333700330053433800430056736200250061058801280063559001640076365000720092765000400099965000850103965000600112465500320118477300530121679700190126985600610128899900170134962622FlNmELB20241217142255.0m o d | cr cnu||||||||141227c19619999sp tr p o 0 b0spa d z0034-7639 a(OCoLC)992066227 aFINmELBbspaerdacFINmELB 4aKKT7308.4b.M386 1961 a340 a343.46410992231 aMartín-Retortillo, Lorenzo.10aTransportes de Madrid :blos ferrocarriles subterráneo y suburbano /cLorenzo Martín-Retortillo. 1a[Madrid] :bCentro de estudios políticos y constitucionales,c1961. a1 recurso en línea (páginas 317-348) a[Cuatrimestral] atextobtxt2rdacontent/spa acomputadorabc2rdamedia/spa arecurso en líneabcr2rdacarrier/spa0 aNúmero 035 (1961)- aDescripción basada en recurso en línea; Título de la página del título en PDF (e-libro, visto December 27, 2014). aRecurso electrónico. Santa Fe, Arg.: e-libro, 2015. Disponible vía World Wide Web. El acceso puede estar limitado para las bibliotecas afiliadas a e-libro. 0aLocal transitxFinancexLaw and legislationzSpainzMadrid (Region) 0aPublic administrationvPeriodicals. 4aTránsito localxFinanzasxDerecho y legislaciónzEspañazMadrid (Región) 4aAdministración públicavPublicaciones periódicas. 4aArtículos electrónicos.0 tRevista de administración públicax0034-76392 ae-libro, Corp.40uhttps://elibro.net/ereader/politecnicointernacional/1420 c62622d62622